Plukovník pěchoty Bohuslav Maleček /

Hlavní autor: Vaňourek, Martin, 1968-
Jazyk: Čeština
Vydáno: Mohelnice : M. Vaňourek, 2012
Vydání: Vyd. 1.
Témata:
Externí odkaz: Digitalizovaný dokument
Fyzický popis: 48 s. : il., portréty ; 21 cm
Knihy
Uloženo v:
LEADER 02433nam a2200649 a 4500
001 nkc20122346137
003 CZ PrNK
005 20201130095046.0
007 ta
008 120305s2012 xr ac e 000 0bcze
015 |a cnb002346137 
020 |a 978-80-904588-5-7  |q (brož.) 
035 |a (OCoLC)796017627 
040 |a OLA001  |b cze  |d ABA001 
043 |a e-xr--- 
045 |a w9x4 
072 7 |a 355/359  |x Vojenství. Obrana země. Ozbrojené síly  |2 Konspekt  |9 15 
072 7 |a 929  |x Biografie  |2 Konspekt  |9 8 
080 |a 929  |2 MRF 
080 |a 355-051  |2 MRF 
080 |a 355.48(100)"1914/1918"  |2 MRF 
080 |a 355.084  |2 MRF 
080 |a 355.318.2  |2 MRF 
080 |a 355.48(100)"1939/1945"  |2 MRF 
080 |a (437.3)  |2 MRF 
080 |a (092)  |2 MRF 
100 1 |a Vaňourek, Martin,  |d 1968-  |7 jn20001227703  |4 aut 
245 1 0 |a Plukovník pěchoty Bohuslav Maleček /  |c [Martin Vaňourek] 
250 |a Vyd. 1. 
260 |a Mohelnice :  |b M. Vaňourek,  |c 2012 
300 |a 48 s. :  |b il., portréty ;  |c 21 cm 
500 |a Název z obálky 
500 |a 700 výt. 
504 |a Obsahuje bibliografické odkazy 
600 1 7 |a Maleček, Bohuslav,  |d 1893-1941  |7 jx20120523002  |2 czenas 
610 2 7 |a Československé legie  |7 kn20020322444  |2 czenas 
648 7 |a 1939-1945  |7 ch460653  |2 czenas 
648 7 |a 20. století  |7 ch460558  |2 czenas 
648 7 |a 1914-1918  |7 ch460644  |2 czenas 
650 0 7 |a legionáři  |7 ph122227  |z Česko  |y 20. století  |2 czenas 
650 0 7 |a první světová válka (1914-1918)  |7 ph126327  |2 czenas 
650 0 7 |a plukovníci  |7 ph188886  |z Česko  |y 20. století  |2 czenas 
650 0 7 |a zahraniční odboj  |7 ph116243  |z Česko  |y 1939-1945  |2 czenas 
650 0 7 |a druhá světová válka (1939-1945)  |7 ph117270  |2 czenas 
650 0 9 |a legionaries  |z Czechia  |y 20th century  |2 eczenas 
650 0 9 |a World War (1914-1918)  |2 eczenas 
650 0 9 |a colonels  |z Czechia  |y 20th century  |2 eczenas 
650 0 9 |a resistance movement abroad  |z Czechia  |y 1939-1945  |2 eczenas 
650 0 9 |a World War (1939-1945)  |2 eczenas 
655 7 |a biografie  |7 fd131909  |2 czenas 
655 9 |a biography  |2 eczenas 
856 4 1 |u http://www.digitalniknihovna.cz/mzk/uuid/uuid:a86779d0-1a01-11e3-9319-005056827e51  |y Digitalizovaný dokument  |x NDK 
910 2 |a BOA001  |b 2-1280.578 
990 |a BK 
995 |a 01 
991 |b 201206  |c NOV  |e n 
996 6 |b 2610510611  |c 2-1280.578  |l MZK  |r Sklad / do 1 hodiny  |n 0  |p p.v.  |w 001247547  |u 000010  |a 1  |e BOA001  |j MZK50  |s P